000 00439nam a22001337a 4500
999 _c15323
_d15323
082 _a631.37
_bANU/MO
100 _aANU RAY MATHEW
_92463
245 _aModification and performance evaluation of existing knapsack sprayer to a back spray broad coverage boom
260 _aTavanur
_bKelappaji College of Agricultural Engineering and Technology
_c1991
300 _a63
500 _aThesis
700 _aBim Prasad Shrestha
_92973
942 _cTH